Una Lontana Follia

Gardado en:
Detalles Bibliográficos
Autor Principal: Kate Morton
Formato: Libro
Idioma:lingua descoñecida ou non válida
Publicado: Sperling & Kupfer
Tags: Engadir etiqueta
Sen Etiquetas, Sexa o primeiro en etiquetar este rexistro!

MARC

LEADER 00000nam a2200000Ia 4500
001 R-1296
003 CODICE-MESSINA
005 20260212102505.0
008 260211s9999 xx 000 0 und d
040 |c importazione_messina 
100 |a Kate Morton 
245 0 |a Una Lontana Follia  
260 |b Sperling & Kupfer 
942 |2 ddc  |c BK 
952 |0 0  |1 0  |2 ddc  |4 0  |6 SCAFFALE_12_000000000000000__ROMANZI  |7 0  |9 32129  |a ME  |b ME  |d 2026-02-11  |l 0  |o SCAFFALE 12 - ROMANZI  |p R-1296  |r 2026-02-11 23:52:59  |w 2026-02-11  |x [REVISIONARE]  |y BK 
999 |c 27796  |d 27796